| 000 | 00760pam a2200265 a 4500 | ||
|---|---|---|---|
| 001 | 2840564 | ||
| 003 | OSt | ||
| 005 | 20150909094941.0 | ||
| 008 | 840214s1985 njua b 001 0 eng | ||
| 010 | _a 84003307 | ||
| 020 |
_a0137119380 : _c$31.95 |
||
| 040 | _aSEKU | ||
| 050 | 0 | 0 |
_aTA 340 _b.M5 1985 |
| 100 | 1 |
_aMiller, Irwin, _d1928- |
|
| 245 | 1 | 0 |
_aProbability and statistics for engineers _cIrwin Miller, John E. Freund. |
| 250 | _a3rd ed. | ||
| 260 |
_aEnglewood Cliffs, NJ : _bPrentice-Hall, _cc1985. |
||
| 300 |
_ax, 530 p. : _bill. ; _c25 cm. |
||
| 500 | _aIncludes index. | ||
| 504 | _aBibliography: p. 475-477. | ||
| 650 | 0 |
_aEngineering _xStatistical methods. |
|
| 650 | 0 | _aProbabilities. | |
| 700 | 1 | _aFreund, John E. | |
| 942 |
_2lcc _cGEN |
||
| 999 |
_c8752 _d8752 |
||